| 000 | 00889nam a22002057a 4500 | ||
|---|---|---|---|
| 999 |
_c371177 _d371177 |
||
| 008 | 201127b ||||| |||| 00| 0 eng d | ||
| 040 |
_aDE-2950 _bger _cDE-2950 _erda |
||
| 041 | _ager | ||
| 100 | _aRoßbach, Daniel: | ||
| 245 |
_a"Hier wird ein Stück weit die Welt gerettet". _bSein kunterbuntes "Schloss Lilllliput" in Elbe-Elster ist für den Künstler Steffen Modrach nicht einfach nur ein Skurilitätenkabinett, sondern ein Lebenswerk ... / _cDaniel Roßbach |
||
| 264 | _c2021 | ||
| 490 |
_aBrandenburger Blätter _v04./05.12.2021 |
||
| 653 | _aNauen <Landkreis Elbe-Elster> | ||
| 653 | _aModrach, Steffen | ||
| 773 |
_dFrankfurt (Oder) Märkisches Verlags- und Druckhaus GmbH & Co KG _tMärkische Oderzeitung _g32. Jahrgang (2021) Nr. 283 vom 04./05.12.2021, Journal am Wochenende, S. 5 |
||
| 942 | _cA | ||